000 00614nam a2200181 i 4500
001 20678
003 ES-MaACL
007 t|
008 021115s1863 ddr ||||1| eng d
100 1 _aAinsworth, William Harrison.
_918986
245 1 0 _aCardinal Pole or the days of Phillip and Mary
_b: an historical romance /
_cby William Harrison Ainsworth.
260 _aLeipzig :
_bBeruhard Tauchnit,
_c1863.
300 _a2 t. en 1 v. ;
_c15 cm.
490 1 _aCollection of British authors ;
_v665-66
830 0 _aCollection of British authors ;
_v665-66
_9180703
852 _aES-MaACL
_jG-12189
999 _c20678
_d20678